Make the most of the milk round (Record no. 82692)
[ view plain ]
| 000 -LEADER | |
|---|---|
| fixed length control field | 01110cab a22001935a 4500 |
| 001 - CONTROL NUMBER | |
| control field | L151019 |
| 008 - FIXED-LENGTH DATA ELEMENTS--GENERAL INFORMATION | |
| fixed length control field | 100923e2010 xxk 000 0 eng d |
| 035 ## - SYSTEM CONTROL NUMBER | |
| System control number | (Sirsi) u151019 |
| 041 0# - LANGUAGE CODE | |
| Language code of text/sound track or separate title | eng |
| 100 1# - MAIN ENTRY--PERSONAL NAME | |
| Personal name | Boley, James |
| 245 00 - TITLE STATEMENT | |
| Title | Make the most of the milk round |
| Remainder of title | with increasing numbers of graduates fighting for fewer positions, picking the right person is vital |
| 260 ## - PUBLICATION, DISTRIBUTION, ETC. | |
| Date of publication, distribution, etc. | 2010 |
| 490 ## - SERIES STATEMENT | |
| Series statement | Construction News |
| Volume/sequential designation | 7185 16 September 2010, 75-76(2) |
| 520 ## - SUMMARY, ETC. | |
| Summary, etc. | Graduate recruitment; construction; placements; list of top universities by percentage of students employed with a graduate job; round up |
| Expansion of summary note | ConstructionSkills apprentice progammes, National Construction College urges scaffold inspectors to retrain if qualified before 2007, RICS online academy supports their conventional training programme, and Radleigh, Derby College, Construction Skills and the HCA have teamed up to provide work experience placements; spotlight on Oxford Brookes University courses. |
| 590 ## - LOCAL NOTE (RLIN) | |
| Local note | KA |
| 651 #4 - SUBJECT ADDED ENTRY--GEOGRAPHIC NAME | |
| Geographic name | United Kingdom |
| Chronological subdivision | |
| 690 ## - LOCAL SUBJECT ADDED ENTRY--TOPICAL TERM (OCLC, RLIN) | |
| Topical term or geographic name as entry element | CAREERS, EDUCATION AND TRAINING-SURVEYING APPOINTMENTS |
| 942 ## - ADDED ENTRY ELEMENTS (KOHA) | |
| Suppress in OPAC | 0 |
| Withdrawn status | Lost status | Source of classification or shelving scheme | Damaged status | Not for loan | Home library | Current library | Shelving location | Date acquired | Total Checkouts | Full call number | Barcode | Date last seen | Copy number | Price effective from | Koha item type |
|---|---|---|---|---|---|---|---|---|---|---|---|---|---|---|---|
| Dewey Decimal Classification | London | London | Journal article | 23/09/2010 | L151019 | 151019-1001 | 06/08/2019 | 1 | 06/08/2019 | Journal article |